000 nam a22 7a 4500
999 _c55188
_d55188
003 OSt
005 20220809142346.0
008 220809b xxu||||| |||| 00| 0 eng d
040 _cIIMT UNIVERSITY
100 _aLAL, B.K
245 _aFOUDATION OF REAL ANALYSIS
260 _aPATNA
_bBHARATI BHAWAN
_c1977
300 _a221
942 _2ddc
_c09